|
|
|
|
| LEADER |
00000nam0a2200000 4500 |
| 001 |
169177 |
| 005 |
20231031163325.0 |
| 010 |
|
|
|a 5788000076
|
| 020 |
|
|
|a RU
|b 89-2613
|
| 035 |
|
|
|a (RuTPU)RU\TPU\book\183516
|
| 090 |
|
|
|a 169177
|
| 100 |
|
|
|a 20091109d1988 d y0rusy5003 ca
|
| 101 |
0 |
|
|a rus
|
| 102 |
|
|
|a BY
|
| 105 |
|
|
|a a z 000ay
|
| 200 |
1 |
|
|a Повесть об отце
|e для среднего возраста
|f И. К. Заслонова
|
| 210 |
|
|
|a Минск
|c Юнацтва
|d 1988
|
| 215 |
|
|
|a 173 с., [4] л. ил.
|c ил.
|d 20 см
|
| 225 |
1 |
|
|a Слава твоя, Родина!
|
| 600 |
|
1 |
|a Заслонов
|b К. С.
|c Герой Советского Союза
|g Константин Сергеевич
|
| 610 |
1 |
|
|a Партизанское движение в Великой Отечественной войне 1941-1945 гг.
|
| 610 |
1 |
|
|a Герои Советского Союза
|
| 610 |
1 |
|
|a детская литература
|
| 610 |
1 |
|
|a Витебская губерния
|
| 610 |
1 |
|
|a Великая Отечественная война 1941-1945
|
| 610 |
1 |
|
|a подпольные организации
|
| 686 |
|
|
|a Т3(2)722
|2 rubbk
|
| 700 |
|
1 |
|a Заслонова
|b И. К.
|g Иза Константиновна
|4 070
|
| 801 |
|
0 |
|a RU
|b RuMRKP
|c 19950417
|g psbo
|
| 801 |
|
1 |
|a RU
|b 63413507
|c 20091109
|
| 801 |
|
2 |
|a RU
|b 63413507
|c 20091109
|g RCR
|
| 942 |
|
|
|c BK
|